Ethical dimensions of diversity

Saved in:
Bibliographic Details
Main Author: Hopkins, Willie Edward
Format: Book
Language:English
Published: Thousand Oaks : Sage Publications, Inc., 1997
Series:Sage series in business ethics
Subjects:
Tags: Add Tag
No Tags, Be the first to tag this record!

MARC

LEADER 00000nam a2200000 i 4500
001 1/61928
008 000612s1997 eng d
020 |a 080397289X 
035 |l 10028981 
040 |a GR-MY-UA  |b gre  |e aacr 
041 0 |a eng 
082 0 |a 658.3008 
100 1 |a Hopkins, Willie Edward. 
245 1 0 |a Ethical dimensions of diversity /  |c Willie E. Hopkins 
260 |a Thousand Oaks :   |b Sage Publications, Inc.,   |c 1997 
300 |a xv, 184 p. 
490 1 |a Sage series in business ethics 
504 |a Includes bibliography and index 
650 0 0 |a Diversity in the workplace. 
650 0 0 |a Business ethics. 
830 0 |a Sage series in business ethics 
852 |a INST  |b CHIOS  |e 20000612  |h 658.3008 HOP  |p 005200016178  |q 005200016178  |t BK  |y 0 
901 |a BIBL-1998-2 
909 |a Χ  |b 057364 
922 |a 2ΕΛΗ  |b 199805  |c ΤΔΕ  |d ΠΑΠΑΣΩΤΗΡΙΟΥ